| 000 | 01102nac a22003377a 4500 | ||
|---|---|---|---|
| 001 | BR7804956 | ||
| 003 | BR-BrBNA | ||
| 005 | 20240105114253.0 | ||
| 008 | 230509b bl.|||m| |||| 00| 0 por d | ||
| 040 |
_aBR-BrBNA _bpor _cBiblioteca Nacional de Agricultura |
||
| 072 | _aF23; F24 | ||
| 090 | _aF23 BR7804956 | ||
| 100 | 1 | _aSampaio, J.B.M. | |
| 100 | 1 | _aReis, J.G. | |
| 100 | 1 | _aBeltrao, V. de A. | |
| 110 | 1 |
_aUniversidade de Sao Paulo, Sao Paulo (Brasil). Inst. de Geografia _910547 |
|
| 245 | 1 | _aOs solos do Nordeste brasileiro. Memoria explicativa da carta de solos do Nordeste (1973)[Brasil] | |
| 260 | 3 |
_aSao Paulo, SP (Brasil): _c1978. |
|
| 300 | _a11 p. | ||
| 490 |
_aSedimentologia e Pedologia - Universidade de Sao Paulo. Inst. de Geografia (Brazil) _vno. 13 _x |
||
| 500 | _aMap, scale: 50x42 cm | ||
| 650 | _aClassificacao do solo | ||
| 650 | _aReconhecimento do solo | ||
| 650 | _aSolo | ||
| 650 | _aHorizonte | ||
| 650 | _aPerfil do solo | ||
| 650 | _aLatossolo | ||
| 650 | _aNordeste | ||
| 909 |
_a202312 _bLúcia Elande _c55 _dLúcia Elande |
||
| 942 |
_2AGRIS _n0 _cMS |
||
| 999 |
_c268380 _d268380 |
||